Statistics for In what country would you find these? #1

Click here to take the quiz!

General Stats

  • This quiz has been taken 77 times
  • The average score is 18 of 25

Answer Stats

areaCountry% Correct
IowaUsa
99%
xinjiangChina
93%
IdahoUsa
93%
AucklandNew zealand
90%
AlbertaCanada
89%
New South WalesAustralia
87%
amazonasBrazil
86%
Bavaria Germany
86%
Baja California Mexico
86%
Tuscany Italy
85%
HerefordshireUk
82%
SalzburgAustria
80%
Novgorod OblastRussia
76%
YukonCanada
73%
BrittanyFrance
73%
Canary islandsSpain
73%
LaplandFinland
70%
North Holland Netherlands
70%
eastern capeSouth africa
54%
schwyzSwitzerland
54%
UppsalaSweden
52%
South zealandDenmark
39%
LeinsterIreland
35%
ZugSwitzerland
28%
New IrelandPapua New Guinea
18%

Score Distribution

Percentile by Number Answered

Percent of People with Each Score

Your Score History

You have not taken this quiz